00385nam a2200157Ia 4500003000400000005001700004008004100021020001800062040000900080082002000089100002100109245004500130260003300175300000900208650001000217OSt20201111115128.0190216s9999||||xx |||||||||||||| ||und|| a9788126426799 coclc a894.8123bNIR/J aNirmalkumar, K P 0aJanamejayante Jignasa /cK P Nirmalkumar bDc Books,c2010.a Kottayam: a350p aNovel